| 000 | 00541nam a2200157Ia 4500 | ||
|---|---|---|---|
| 008 | 100122s9999 xx 000 0 und d | ||
| 082 |
_b41775 _a954.04 |
||
| 100 | _aसत्कायोजक | ||
| 245 | _aश्री समर्थ चरित्र खंड -1 | ||
| 250 | _a0 | ||
| 260 |
_bकेशव भिकाजी ढवळे _c1905 |
||
| 300 | _a532 | ||
| 630 | _aश्री समर्थ चरित्र खंड -1 | ||
| 730 | _aश्री समर्थ चरित्र खंड -1 | ||
| 942 | _cBOOK | ||
| 999 |
_c422319 _d422316 |
||